000 00765nam a22002657a 4500
001 BR9000818
003 BR-BrBNA
005 20230928093359.0
007 ta
008 230509b bl.||||| |||| 00| 0 por d
040 _aBR-BrBNA
_bpor
_cBiblioteca Nacional de Agricultura
041 _a(Por)
072 _aE14
_b/G514
090 _ E14 BR9000818
110 1 _aMinisterio da Agricultura, Brasilia, DF (Brasil)
_96753
245 1 _aPrograma mutirao agricola. Projeto de feiras cobertas municipais de uso multiplo
260 3 _aBrasilia, DF (Brasil):
_c1988.
300 _a19 p.
650 _aPROJETO AGRICOLA
650 _aDESENVOLVIMENTO RURAL
650 _aFEIRA
650 _aRECURSO ECONOMICO
909 _a202309
_bLucia
_c55
_dLucia Elande
942 _cBK
999 _c44652
_d44652